000 00585cam a2200193 a 4500
001 12620312
005 20240322042606.0
008 800108s2001 ce b 000 0 eng
020 _a9559102435
040 _aDLC
_cDLC
_dDLC
082 0 0 _a325.954.
_221
_bFOR.
100 1 _aShanmugaratnam, N.
245 1 0 _aForced migration and changing local political economies :
_ba study from north-western Sri Lanka /
_cN. Shanmugaratnam.
250 _a2 nd.
260 _aColombo :
_bSocial Scientists' Association,
_c2007.
300 _aix, 67 p. ;
650 0 _aMigration, Internal
942 _cL
999 _c599
_d599